000 nam a22 a 4500
999 _c1244
_d1244
003 AKMAL
005 20170508163607.0
008 170508s1995 my 00 may d
020 _a9839118358 (kkt.):
_cRM 10.90
040 _aAKMAL
082 0 4 _a297.53 ALB
090 _a297.53
_bALB
100 1 _aAlbani, Muhamad Nashiruddin
_92480
245 1 0 _aHaji dan umrah mengikut sunnah Rasulullah s.a.w. /
_cMuhammad Nashiruddin Al Albani ; diterjemahkan oleh Uthman Mahrus, Endy Muhammad Astiwara
260 _aJohor Bahru :
_bPerniagaan Jahabersa,
_c1995
300 _aiv, 190ms. ;
_c21cm
500 _aMengandungi ayat-ayat dari Quran
650 _aMuslim pilgrims and pilgrimages
_zSaudi Arabia
_zMecca
_92481
650 _aPillars of Islam
_9893
700 0 _aUthman Mahrus
_92482
700 0 _aEndy Muhammad Astiwara
_92483
856 4 _uhttp://www.jahabersa.com.my/ramadhan-dan-haji/haji-dan-umrah-mengikut-sunnah-rasulullah-saw
_yKulit Depan & Ringkasan
942 _2ddc
_cBOOK